000 01030nam a2200253Ia 4500
001 873-FED fa (19580)
003 IT-MiSPE
008 171229s9999||||xx |||||||||||||| ||und||
040 _aIT-MiSPE
_cIT-MiSPE
041 _aITALIANO
100 _aFedro
245 0 _aFavole
250 _a1a ed. (v)
260 _aMilano
_bMondadori
_c1992
300 _aXXXIV, 195 p.
_c20 cm
490 _aOscar: Classici Greci e Latini
_v14
501 _aEdizioni San Paolo srl - Piazza Soncino, 5 - 20092 CINISELLO BALSAMO (MI) (non commercial uses only) ® Copyright 2018
520 _aEd. bilingue
700 _aFernando Solinas
700 _aFernando Solinas
_g(traduzione)
942 _cBK
957 _71
999 _a5987
_bNO
_g Copie: 1
_c354985
_d354985